A successful objection requires radical change (Record no. 117456)

MARC details
000 -LEADER
fixed length control field 01069cam a2200229 4500
001 - CONTROL NUMBER
control field ABS67784
008 - FIXED-LENGTH DATA ELEMENTS--GENERAL INFORMATION
fixed length control field 040602n2004 000 0 eng u
035 ## - SYSTEM CONTROL NUMBER
System control number (Sirsi) u126388
100 ## - MAIN ENTRY--PERSONAL NAME
Personal name Williamson, H.
245 #2 - TITLE STATEMENT
Title A successful objection requires radical change
260 ## - PUBLICATION, DISTRIBUTION, ETC.
Date of publication, distribution, etc. 2004
490 ## - SERIES STATEMENT
Series statement Estates Gazette
Volume/sequential designation (0418) 1 May 2004, 95(1)
520 ## - SUMMARY, ETC.
Summary, etc. Discusses the effect of existing easements on new developments and considers that case law is confusing due to the lack of clarity in the guidance. For an objection to a new development to be successful, it needs to fulfil stringent requirements. Either the new use amounts to a nuisance to the neighbour's land or there must be a combination of a radical change in the character of the dominant land and a substantial increase in the burden on the subservient land.
590 ## - LOCAL NOTE (RLIN)
Local note ABS
590 ## - LOCAL NOTE (RLIN)
Local note ABS
650 ## - SUBJECT ADDED ENTRY--TOPICAL TERM
Topical term or geographic name entry element DEVELOPMENTS
650 ## - SUBJECT ADDED ENTRY--TOPICAL TERM
Topical term or geographic name entry element OBJECTIONS
650 ## - SUBJECT ADDED ENTRY--TOPICAL TERM
Topical term or geographic name entry element MCADAMS HOMES LTD V ROBINSON AND ANOTHER
650 ## - SUBJECT ADDED ENTRY--TOPICAL TERM
Topical term or geographic name entry element NUISANCE
690 ## - LOCAL SUBJECT ADDED ENTRY--TOPICAL TERM (OCLC, RLIN)
Topical term or geographic name as entry element BOUNDARIES, PARTY WALLS AND EASEMENTS
942 ## - ADDED ENTRY ELEMENTS (KOHA)
Suppress in OPAC 0
Holdings
Withdrawn status Lost status Source of classification or shelving scheme Damaged status Not for loan Home library Current library Shelving location Date acquired Total Checkouts Full call number Barcode Date last seen Copy number Price effective from Koha item type
    Dewey Decimal Classification     London London Journal article 02/06/2004   ABS67784 126388-1001 06/08/2019 1 06/08/2019 Journal article